000 00228nam a2200097Ia 4500
008 200302s9999 xx 000 0 und d
100 _aVivian Lei (Ed.)
245 _aGraphic X Space
260 _bArt Power, Schenzhen
300 _a227
999 _c4441
_d4441